Communes de la Drôme (26) de plus de 10000 habitants - Statistiques

Statistiques générales
  • Ce quiz a été pris 115 fois
  • Le résultat moyen est 4 sur 6
Statistiques - réponses
Hint Réponse % Correct
64288 (préfecture) Valence
100%
40356 Montélimar
95%
33139 Romans-sur-Isère
74%
19872 Bourg-lès-Valence
61%
13909 Pierrelatte
51%
10369 Portes-lès-Valence
44%
Aucun quiz correspondant
Distribution des résultats
% des personnes avec chaque résultat
Percentile par nombre de réponses
Votre historique - résultats
Vous n’avez pas pris ce quiz